[Event "Hradec Kralove Region-chT 2223"]
[Site "Czech Republic"]
[Date "2023.01.15"]
[Round "6.8"]
[White "Szablewski, Krzysztof"]
[Black "Portych, Vaclav"]
[Result "1-0"]
[WhiteElo "1767"]
[BlackElo "1734"]
[PlyCount "97"]
[EventDate "2022.10.09"]
[EventType "team-tourn"]
[EventRounds "11"]
[EventCountry "CZE"]
[SourceTitle "EXT 2024"]
[Source "ChessBase"]
[SourceDate "2023.10.10"]
[SourceVersion "1"]
[SourceVersionDate "2023.10.10"]
[SourceQuality "1"]

1. f4 d5 2. Nf3 g6 3. d4 Bg7 4. c3 Nf6 5. e3 Bf5 6. Qb3 b6 7. c4 Bxb1 8. Rxb1 e6 9. Bd2 0-0 10. Bd3 Nbd7 11. 0-0 c5 12. Rbc1 cxd4 13. exd4 dxc4 14. Bxc4 Ne4 15. Bb5 Re8 16. Bb4 Bf8 17. Bc6 Ndf6 18. Rfe1 Bxb4 19. Qxb4 Nd5 20. Qb3 Nd6 21. g3 Ne7 22. Bxe8 Nxe8 23. Rc3 Nf5 24. Rd1 Nf6 25. Qb5 Nd5 26. Rcd3 h5 27. Kf2 Qc7 28. Qb3 Rc8 29. a3 Nd6 30. Re1 Qb7 31. Nd2 h4 32. Qd1 hxg3+ 33. hxg3 Nf6 34. Qf3 Qxf3+ 35. Kxf3 Rc2 36. Rb1 Nf5 37. g4 Ne7 38. Ne4 Nfd5 39. b3 Rh2 40. Rg1 Rh3+ 41. Rg3 Rh1 42. Nd2 Nc6 43. b4 Kg7 44. Kg2 Rd1 45. Rgf3 Nce7 46. Kf2 Rh1 47. Nf1 Nxf4 48. Rxf4 Nd5 49. Rff3 1-0

[Event "Hradec Kralove Region-chT 2223"]
[Site "Czech Republic"]
[Date "2022.11.13"]
[Round "3.6"]
[White "Szablewski, Krzysztof"]
[Black "Kabelka, Ondrej"]
[Result "1/2-1/2"]
[WhiteElo "1772"]
[BlackElo "2021"]
[PlyCount "57"]
[EventDate "2022.10.09"]
[EventType "team-tourn"]
[EventRounds "11"]
[EventCountry "CZE"]
[SourceTitle "EXT 2024"]
[Source "ChessBase"]
[SourceDate "2023.10.10"]
[SourceVersion "1"]
[SourceVersionDate "2023.10.10"]
[SourceQuality "1"]

1. f4 d5 2. Nf3 g6 3. d4 Bg7 4. c3 c5 5. e3 Nc6 6. Bd3 Nh6 7. 0-0 0-0 8. Ne5 f6 9. Nxc6 bxc6 10. Qa4 Qc7 11. Nd2 cxd4 12. exd4 Bf5 13. Qc2 e5 14. Nb3 Bxd3 15. Qxd3 e4 16. Qe2 Nf5 17. Nc5 Rfe8 18. Be3 Nd6 19. Rae1 Qa5 20. Qa6 Qxa6 21. Nxa6 Re7 22. b3 Rd8 23. Rc1 h5 24. Kf2 Kf7 25. Ke2 Rb7 26. Rc2 Bf8 27. Nc5 Rb5 28. a4 Rbb8 29. a5 1/2-1/2

[Event "POL-chT3 Dolnoslaskie 1718"]
[Site "Poland"]
[Date "2017.10.08"]
[Round "1.29"]
[White "Rutkowski, Bartlomiej"]
[Black "Szablewski, Krzysztof"]
[Result "1-0"]
[WhiteElo "1494"]
[BlackElo "1902"]
[PlyCount "69"]
[EventDate "2017.10.08"]
[EventType "team-tourn"]
[EventRounds "11"]
[EventCountry "POL"]
[SourceTitle "EXT 2019"]
[Source "ChessBase"]
[SourceDate "2018.10.10"]
[SourceVersion "1"]
[SourceVersionDate "2018.10.10"]
[SourceQuality "1"]

1. c4 e5 2. Nc3 Nf6 3. e4 Bb4 4. d3 h6 5. g3 d6 6. Bg2 Nc6 7. Nge2 Bg4 8. h3 Be6 9. 0-0 0-0 10. f4 Bc5+ 11. Kh2 Qe7 12. f5 Bd7 13. g4 Nd4 14. Ng3 Kh7 15. g5 Ng8 16. Nd5 Qd8 17. gxh6 gxh6 18. Nh5 Qh4 19. Qg4 Qxg4 20. hxg4 Rad8 21. g5 c6 22. Ndf6+ Nxf6 23. gxf6 Rg8 24. Ng7 Nc2 25. Rf3 Rxg7 26. fxg7 Kxg7 27. Rb1 Rf8 28. Bd2 b5 29. Rh3 bxc4 30. dxc4 d5 31. cxd5 cxd5 32. Rc1 dxe4 33. Bxe4 Rc8 34. Rxc2 Bg1+ 35. Kxg1 1-0